000 00414nam a2200133Ia 4500
008 100328s9999 xx 000 0 und d
082 _b6488
100 _aसरदेसाई लक्ष्मणराव
245 _aमधुचंद्र
260 _bमॅजेस्टिक बुक स्टॉल
630 _aमधुचंद्र
730 _aमधुचंद्र
942 _cBOOK
999 _c502379
_d502376